Non-contact calibration technique of ultrasound tomography system for complex shaped objects; MATEC Web of Conferences; Vol. 48 : Space Engineering

Detalles Bibliográficos
Parent link:MATEC Web of Conferences
Vol. 48 : Space Engineering.— 2016.— [03002, 6 p.]
Autor Corporativo: Национальный исследовательский Томский политехнический университет
Otros Autores: Filippov G. A. German Alekseevich, Zhvyrblya V. Yu. Vadim Yurievich, Sharavina S. V. Svatlana Viktorovna, Salchak Ya. A. Yana Alekseevna
Sumario:Title screen
Robot-assisted ultrasound tomography is an up-to-date technology that provides effective quality assurance of complex shaped objects. However, this method of control requires appropriate calibration of the equipment. At present, calibration is a difficult time-consuming procedure. This paper discusses novel approach – using non-contact calibration technique. The proposed method is based on the preliminary received 3-D reconstruction results. It is proved that non-contact calibration of ultrasound tomography system is more applicable and provides reliable measurement results.
Lenguaje:inglés
Publicado: 2016
Colección:Modern Technologies and Control Methods in the Aviation and Space Industries
Materias:
Acceso en línea:http://dx.doi.org/10.1051/matecconf/20164803002
http://earchive.tpu.ru/handle/11683/33690
Formato: Electrónico Capítulo de libro
KOHA link:https://koha.lib.tpu.ru/cgi-bin/koha/opac-detail.pl?biblionumber=648925

MARC

LEADER 00000nla2a2200000 4500
001 648925
005 20260205135513.0
035 |a (RuTPU)RU\TPU\network\14084 
035 |a RU\TPU\network\14081 
090 |a 648925 
100 |a 20160609a2016 k y0engy50 ba 
101 0 |a eng 
105 |a y z 100zy 
135 |a drcn ---uucaa 
181 0 |a i  
182 0 |a b 
200 1 |a Non-contact calibration technique of ultrasound tomography system for complex shaped objects  |f G. A. Filippov [et al.] 
203 |a Text  |c electronic 
225 1 |a Modern Technologies and Control Methods in the Aviation and Space Industries 
300 |a Title screen 
320 |a [References: 3 tit.] 
330 |a Robot-assisted ultrasound tomography is an up-to-date technology that provides effective quality assurance of complex shaped objects. However, this method of control requires appropriate calibration of the equipment. At present, calibration is a difficult time-consuming procedure. This paper discusses novel approach – using non-contact calibration technique. The proposed method is based on the preliminary received 3-D reconstruction results. It is proved that non-contact calibration of ultrasound tomography system is more applicable and provides reliable measurement results. 
461 0 |0 (RuTPU)RU\TPU\network\4526  |t MATEC Web of Conferences 
463 0 |0 (RuTPU)RU\TPU\network\13956  |t Vol. 48 : Space Engineering  |o IV Russian Forum for Young Scientists with International Participation, April 12-14, 2016, Tomsk, Russia  |o [proceedings]  |f National Research Tomsk Polytechnic University (TPU) ; eds. V. N. Borikov [et al.]  |v [03002, 6 p.]  |d 2016 
610 1 |a электронный ресурс 
610 1 |a труды учёных ТПУ 
610 1 |a бесконтактные методы 
610 1 |a калибровка 
610 1 |a ультразвуковая томография 
610 1 |a фасонные изделия 
701 1 |a Filippov  |b G. A.  |c specialist in the field of non-destructive testing  |c assistant of Tomsk Polytechnic University  |f 1991-  |g German Alekseevich  |3 (RuTPU)RU\TPU\pers\36917 
701 1 |a Zhvyrblya  |b V. Yu.  |c specialist in the field of non-destructive testing  |c engineer of Tomsk Polytechnic University  |f 1992-  |g Vadim Yurievich  |3 (RuTPU)RU\TPU\pers\36913 
701 1 |a Sharavina  |b S. V.  |c specialist in the field of non-destructive testing  |c engineer of Tomsk Polytechnic University  |f 1992-  |g Svatlana Viktorovna  |3 (RuTPU)RU\TPU\pers\36912 
701 1 |a Salchak  |b Ya. A.  |c specialist in the field of non-destructive testing  |c tech-designer of Tomsk Polytechnic University  |f 1992-  |g Yana Alekseevna  |3 (RuTPU)RU\TPU\pers\34520 
712 0 2 |a Национальный исследовательский Томский политехнический университет  |c (2009- )  |9 26305 
801 2 |a RU  |b 63413507  |c 20161123  |g RCR 
856 4 |u http://dx.doi.org/10.1051/matecconf/20164803002 
856 4 |u http://earchive.tpu.ru/handle/11683/33690 
942 |c CF